| 000 | 00000nam 2200000za 4500 |
| 001 | 9.840981 |
| 003 | CaOODSP |
| 005 | 20221107151958 |
| 007 | cr ||||||||||| |
| 008 | 170803s1985 onc #ob f000 0 eng d |
| 040 | |aCaOODSP|beng |
| 043 | |an-cn--- |
| 086 | 1 |aR5-348/1985E-PDF |
| 100 | 1 |aKlein, Sheila. |
| 245 | 14|aThe development of customized status Indian variables using 1981 census data |h[electronic resource] / |cprepared by Sheila Klein, Wendy Wright. |
| 260 | |a[Ottawa?] : |bIndian and Northern Affairs Canada, |c1985. |
| 300 | |a58 p. |
| 500 | |a"January 1985." |
| 500 | |aIssued also in French under title: L'élaboration des variables spéciales relatives aux Indiens inscrits à partir des données du recensement de 1981. |
| 500 | |aDigitized edition from print [produced by Indigenous and Northern Affairs Canada]. |
| 504 | |aIncludes bibliographical references. |
| 520 | |a"This methodology paper discusses the creation by Indian and Northern Affairs Canada (INAC) of three customized variables which allow the production of a flexible status Indian data set based on the 1981 Census of Population and Housing. These three variables - two population and one residence - have been mounted by Statistics Canada on the 1981 Census 2B Retrieval Data Base."--Abstract. |
| 692 | 07|2gccst|aStatus Indians |
| 692 | 07|2gccst|aStatistical analysis |
| 692 | 07|2gccst|aCensus |
| 700 | 1 |aWright, Wendy. |
| 710 | 1 |aCanada. |bIndian and Northern Affairs Canada. |
| 775 | 08|tL'élaboration des variables spéciales relatives aux Indiens inscrits à partir des données du recensement de 1981 |w(CaOODSP)9.840983 |
| 856 | 40|qPDF|s2.22 MB|uhttps://publications.gc.ca/collections/collection_2017/aanc-inac/R5-348-1985-eng.pdf |
| 986 | |aQS-3401-000-EE-A1 |